| 000 | 01823cam a2200385 i 4500 | ||
|---|---|---|---|
| 001 | 22074026 | ||
| 003 | OSt | ||
| 005 | 20231009150329.0 | ||
| 008 | 210609s2021 nyu b 001 0 eng | ||
| 010 | _a 2021028288 | ||
| 020 | _a9780141992860 | ||
| 020 |
_a9780374601898 _q(hbk.) |
||
| 040 |
_aDLC _beng _erda _cDLC _dDLC |
||
| 041 | 1 |
_aeng _hita |
|
| 042 | _apcc | ||
| 050 | 0 | 0 |
_aBS1175.3 _b.C3413 2021 |
| 082 | 0 | 0 |
_a221.68 _bCAL/B |
| 100 | 1 |
_aCalasso, Roberto _eauthor. _99721 |
|
| 240 | 1 | 0 |
_aLibro di tutti i libri. _lEnglish |
| 245 | 1 | 4 |
_aThe book of all books / _cRoberto Calasso ; translated from the Italian by Tim Parks. |
| 250 | _aFirst American edition. | ||
| 264 | 1 |
_aNew York : _bFarrar, Straus and Giroux, _c2021. |
|
| 300 |
_a450 pages ; _c24 cm |
||
| 336 |
_atext _btxt _2rdacontent |
||
| 337 |
_aunmediated _bn _2rdamedia |
||
| 338 |
_avolume _bnc _2rdacarrier |
||
| 500 | _a"Originally published in Italian in 2019 by Adelphi Edizioni, Italy, as Il libro di tutti i libri." | ||
| 504 | _aIncludes bibliographical references and index. | ||
| 520 |
_a"A book that begins before Adam and ends after us. In this magisterial work, figures of the Bible and its whole outline emerge in a new light: one that is often astonishing and disquieting, as indeed is the book from which they originate"-- _cProvided by publisher. |
||
| 630 | 0 | 0 |
_aBible. _pOld Testament _xCriticism, interpretation, etc. |
| 700 | 1 |
_aParks, Tim, _etranslator. |
|
| 906 |
_a7 _bcbc _corignew _d1 _eecip _f20 _gy-gencatlg |
||
| 942 |
_2ddc _cBK _h221.68 _iCAL/B _k221.68 _mCAL/B |
||
| 999 |
_c42609 _d42609 |
||